Online
Catalog

Guía de los archivos históricos de Santiago / (Record no. 6234)

MARC details
000 -CABECERA
campo de control de longitud fija 00919aam a2200217 a 4500
001 - NÚMERO DE CONTROL
campo de control 000006439
005 - FECHA Y HORA DE LA ÚLTIMA TRANSACCIÓN
campo de control 20200929153930.0
008 - DATOS DE LONGITUD FIJA--INFORMACIÓN GENERAL
campo de control de longitud fija 850510s1982 cl br i001 0 spa
040 ## - FUENTE DE LA CATALOGACIÓN
Centro catalogador/agencia de origen DO-SdBNP
Lengua de catalogación spa
Centro/agencia transcriptor BNPHU
082 ## - NÚMERO DE LA CLASIFICACIÓN DECIMAL DEWEY
Número de clasificación 016.98331
Número de documento/Ítem G943a
245 00 - MENCIÓN DE TÍTULO
Título Guía de los archivos históricos de Santiago /
Mención de responsabilidad, etc. Juan Eyzaguirre Escobar ... [et al.].
260 ## - PUBLICACIÓN, DISTRIBUCIÓN, ETC.
Lugar de publicación, distribución, etc. Santiago :
Nombre del editor, distribuidor, etc. Instituto Panamericano de Geografía e Historia, Sección Chilena. Comisión de Historia/Comité de Archivos,
Fecha de publicación, distribución, etc. 1982.
300 ## - DESCRIPCIÓN FÍSICA
Extensión 100 p. ;
Dimensiones 21 cm.
504 ## - NOTA DE BIBLIOGRAFÍA, ETC.
Nota de bibliografía, etc. Bibliografía : p. 8-9.
650 #4 - PUNTO DE ACCESO ADICIONAL DE MATERIA--TÉRMINO DE MATERIA
Término de materia o nombre geográfico como elemento de entrada Archivos
Subdivisión geográfica Chile
-- Santiago
Subdivisión general Directorios
9 (RLIN) 17873
700 1# - PUNTO DE ACCESO ADICIONAL--NOMBRE DE PERSONA
Nombre de persona Eyzaguirre Escobar, Juan.
9 (RLIN) 17874
700 1# - PUNTO DE ACCESO ADICIONAL--NOMBRE DE PERSONA
Nombre de persona González Echenique, Javier.
9 (RLIN) 17875
700 1# - PUNTO DE ACCESO ADICIONAL--NOMBRE DE PERSONA
Nombre de persona Matte Varas, José Joaquín.
9 (RLIN) 17876
700 1# - PUNTO DE ACCESO ADICIONAL--NOMBRE DE PERSONA
Nombre de persona Ramírez Ramírez, Ramón.
9 (RLIN) 17877
710 1# - PUNTO DE ACCESO ADICIONAL--NOMBRE DE ENTIDAD CORPORATIVA
Nombre de entidad corporativa o nombre de jurisdicción como elemento de entrada Instituto Panamericano de Geografía e Historia.
Unidad subordinada Comité de Archivos Históricos.
9 (RLIN) 17878
Holdings
Estado de retiro Estado de pérdida Restricciones de uso No para préstamo Código de colección Localización permanente Ubicación/localización actual Ubicación en estantería Fecha de adquisición Número de inventario Total de préstamos Signatura topográfica completa Código de barras Fecha visto por última vez Precio válido a partir de Tipo de ítem Koha
    Préstamo interno   Monografías: Libros y Folletos General General En catalogación 31.08.2009 LF1   016.98331 G943a 6439-10 25.06.2020 25.06.2020 Préstamo interno

Powered by Koha